00905nam a2200241 a 450000500170000000800410001701000130005802000100007103500130008103700150009404000180010908200080012710000180013524500650015326000470021827000560026530000300032152001040035170000210045594200220047699900170049895201480051520090909113539.0990210s1999 nyua j 000 1 eng  aB-357128 c40.00 aB-357128 bDBAD / PUB adplbEnglish  a920 aMani, A.G.S.  aGreat achievers /cby A.G.S. Mani; edited by A.V. Subba Rao  aChennai bPuthaga Ulagam Publishers c2008 a3, Poes Road (East) M.M. Garden, bChennai e600018 a64p. :c23cm(pbk) bill.  aA little girl falls down a rabbit hole and discovers a world of nonsensical and amusing characters. aRao, A.V. Subba 2ddccENh920mMAN c30212d30212 00102ddc40708NFICaJPbJPd2009-09-09eDBAD / PUBg40.00l11o920 MANpB-357128r2018-06-27 00:00:00s2010-06-19t1v40.00w2009-09-09yCH